Schicklgrüber: some cautionary tales of modern times : der Anti-Hitler Struwwelpeter : eine politische Struwwelpeter-Parodie von 1943

Neben der deutschen Originalfassung des Textes von Heinricht Hoffmann ist die Fassung von The English Struwwelpeter von 1848, auf der die Parodie basiert, abgedruckt.

Guardado en:  
Detalles Bibliográficos
Autores principales: Colling-Pyper, Robert -1965 (Autor) ; Stavridi, Margaret 1906- (Autor) ; Hoffmann, Heinrich 1809-1894 (Autor)
Otros Autores: Sauer, Walter 1942- (Editor, Traductor)
Tipo de documento: Print Imagen
Lenguaje:Inglés
Alemán
Publicado: Neckarsteinach (Germany) Edition Tintenfaß 2025
En:Año: 1943
Edición:Faksimile-Ausgabe mit ausführlichem Kommentar in Englisch und Deutsch
Acceso en línea: Inhaltstext (Publisher)
Índice
Disponibilidad en Tübingen:Disponible en Tübingen.
UB: 65 B 213
Verificar disponibilidad: HBZ Gateway
Servicio de pedido Subito: Pedir ahora.
Palabras clave:

MARC

LEADER 00000cam a2200000 c 4500
001 1914821599
003 DE-627
005 20251023213618.0
007 tu
008 250115r20251943gw ||||| 00| ||eng c
015 |a 25,N03  |2 dnb 
015 |a 25,A37  |2 dnb 
016 7 |a 1353145344  |2 DE-101 
020 |a 9783986510916  |c  : Festeinband : EUR 26.00 (DE), EUR 26.80 (AT)  |9 978-3-98651-091-6 
020 |a 3986510915  |9 3-98651-091-5 
024 3 |a 9783986510916 
035 |a (DE-627)1914821599 
035 |a (DE-599)DNB1353145344 
035 |a (OCoLC)1535731362 
040 |a DE-627  |b ger  |c DE-627  |e rda 
041 |a eng  |a ger  |h eng 
044 |c XA-DE-HE 
082 0 4 |a 741.5  |a 830  |q DE-101 
100 1 |8 1\p  |a Colling-Pyper, Robert  |d -1965  |e VerfasserIn  |0 (DE-588)133366898  |0 (DE-627)543664481  |0 (DE-576)299799573  |4 aut 
109 |a Colling-Pyper, Robert -1965  |a Pyper, Robert Colling- -1965 
245 1 0 |a Schicklgrüber  |b some cautionary tales of modern times : der Anti-Hitler Struwwelpeter : eine politische Struwwelpeter-Parodie von 1943  |c Robert Colling-Pyper & Margaret Stavridi ; übersetzt und herausgegeben von Walter Sauer 
250 |a Faksimile-Ausgabe mit ausführlichem Kommentar in Englisch und Deutsch 
264 1 |a Neckarsteinach (Germany)  |b Edition Tintenfaß  |c 2025 
300 |a 80 Seiten  |c 31 cm, 547 g 
336 |a Text  |b txt  |2 rdacontent 
336 |a unbewegtes Bild  |b sti  |2 rdacontent 
337 |a ohne Hilfsmittel zu benutzen  |b n  |2 rdamedia 
338 |a Band  |b nc  |2 rdacarrier 
500 |a "Wir legen dieses Buch ... achtzig Jahre nach dem Ende des Zweiten Weltkriegs erneut vor. Wir tun dies in einer Zeit, in der verbrecherische Kriege, Gewaltherrschaft, Diktatur, Faschismus und Rassismus unsere Welt erneut bedrohen. " Walter Sauer - Vorwort 
500 |a Kommentierter Nachdruck der Ausgabe "Thacker's Press and Directories Ltd, Calcutta 1943" 
520 |a Neben der deutschen Originalfassung des Textes von Heinricht Hoffmann ist die Fassung von The English Struwwelpeter von 1848, auf der die Parodie basiert, abgedruckt. 
520 |a In dieser politischen Struwwelpeter-Parodie, einem ausgesprochenen Meisterwerk der politischen Satire und Karikatur, die 1943 in Kalkutta (heute Kolkata) erschien, begegnen uns die Hauptakteure des Zweiten Weltkriegs in satirischer Verkleidung: Adolf Hitler als "Struwwelpeter" und "Bitterböser Friederich", Benito Mussolini als "Wilder Jägersmann", Frankreichs Marianne als "Daumenlutscher" mit Général de Gaulle als "Frau Mama", Hermann Göring als "Suppenkaspar", Finnland als "Zappelphilipp", Joachim von Ribbentrop als "Hans Guck-in-die Luft", Rudolf Hess als "Fliegender Robert" und viele andere. Der Titel "Schicklgrüber" bezieht sich auf den in der englischsprachigen Welt häufig schmähend für Adolf Hitler verwendeten Namen des unehelich geborenen Vaters Hitlers, Alois Schicklgruber, und der Großmutter Hitlers, Anna-Maria Schicklgruber, - der somit auch der eigentliche Geburtsname des "Führers" war. 
534 |c 1943 
655 7 |a Faksimile  |0 (DE-588)4153591-1  |0 (DE-627)104339624  |0 (DE-576)209804548  |2 gnd-content 
700 1 |a Stavridi, Margaret  |d 1906-  |e VerfasserIn  |0 (DE-588)133366812  |0 (DE-627)543664422  |0 (DE-576)299799522  |4 aut 
700 1 |a Sauer, Walter  |d 1942-  |e HerausgeberIn  |e ÜbersetzerIn  |0 (DE-588)123884217  |0 (DE-627)085501204  |0 (DE-576)162865899  |4 edt  |4 trl 
700 1 |a Hoffmann, Heinrich  |d 1809-1894  |e VerfasserIn  |0 (DE-588)11855249X  |0 (DE-627)137842589  |0 (DE-576)208961097  |4 aut 
856 4 2 |u https://deposit.dnb.de/cgi-bin/dokserv?id=4fef2e3640294281b10e2f45abe97dbf  |m X:MVB  |q text/html  |x Verlag  |3 Inhaltstext  |7 1 
856 4 2 |u https://d-nb.info/1353145344/04  |m B:DE-101  |q application/pdf  |x Verlag  |3 Inhaltsverzeichnis  |7 1 
883 |8 1\p  |a cgwrk  |d 20251001  |q DE-101  |u https://d-nb.info/provenance/plan#cgwrk 
935 |a rexa 
951 |a BO 
ELC |b 1 
LOK |0 000 xxxxxcx a22 zn 4500 
LOK |0 001 4775860275 
LOK |0 003 DE-627 
LOK |0 004 1914821599 
LOK |0 005 20250929192153 
LOK |0 008 250924||||||||||||||||ger||||||| 
LOK |0 040   |a DE-21  |c DE-627  |d DE-21 
LOK |0 852   |a DE-21 
LOK |0 852 1  |c 65 B 213  |9 00 
LOK |0 938   |a 2509  |f 39 
LOK |0 939   |a 24-09-25  |b l01 
ORI |a SA-MARC-krimdoka001.raw 
SIG |a UB: 65 B 213